000 00961nam a22002057a 4500
008 120417t xxu||||| |||| 00| 0 eng d
020 _a0273682474
050 _aHD31.B75
100 _aBrooks, Ian
245 _aThe International business environment /
_cIan Brooks, Jamie Weatherston and Graham Wilkinson.
260 _aHarlow:
_bPrentice Hall,
_c2004.
300 _axi, 363 p.:
_bill;
_c26cm.
500 _aincludes index.
505 _aContents: The International business environment: The Competitive environment -- The International economic environment -- The Technological environment -- The International cultural, demographic and social environment -- The Ecological environement -- The International political environment -- The Legal environment -- Chanllenges and changes -- Case studies.
650 _aInternational Business
700 _aWeatherston, Jamie
700 _aWilkinson, Graham
700 _a Wilkinson Graham
942 _2lcc
_cBK
999 _c719
_d8219